| 000 | 00902pam a2200301 a 4500 | ||
|---|---|---|---|
| 001 | 2159 | ||
| 005 | 20260304090355.0 | ||
| 020 |
_a0395620376 : _c14.95 |
||
| 020 | _a9780590484664 | ||
| 020 | _a9780395720813 | ||
| 040 |
_aDLC _cDLC _dDLC _beng |
||
| 050 | 0 | 0 |
_aPZ7.F198 _bFe 1993 |
| 082 | 0 | 0 |
_a513.2 _220 |
| 100 | 1 | _aFalwell, Cathryn | |
| 245 | 1 | 0 |
_aFeast for 10 / _cCathryn Falwell. |
| 260 |
_aNew York : _bScholastic, _c1993 |
||
| 300 |
_a32 pages : _bIllustrations _c28 cm |
||
| 505 | _aJ | ||
| 520 | _aNumbers from one to ten are used to tell how members of a family shop and work together to prepare a meal. | ||
| 521 |
_a500 _bLexile estimate |
||
| 521 |
_aJ _bRaz-Plus |
||
| 650 | 1 | _aCounting. | |
| 650 | 1 |
_aAfrican Americans _vFiction. |
|
| 650 | 1 |
_aCooking _vFiction. |
|
| 650 | 1 |
_aFamily life _vFiction. |
|
| 906 |
_a7 _bcbc _corignew _d1 _eocip _f19 _gy-gencatlg |
||
| 942 |
_2ddc _cBK _n0 |
||
| 999 |
_c2159 _d2159 |
||